000 00641nam a22002177a 4500
003 UA-OsUOA
001 78797
007 ta
008 20111020b un ||||| |||| 00| 0 ukr d
100 _aФілоненко С.
090 _a34
_bФ68
942 _cSA
040 _aUA-OsUOA
_bukr
_cUA-OsUOA
_dUA-OsUOA
245 _aІндивідуальний доступ до конституційного правосуддя як крок до демократії
300 _aС.16-20
955 _a0
041 _aukr
080 _a34
773 0 _w78796
_tВіче
_dК.
_d2011
_g19
650 7 _a34 Право. Юриспруденція
_2UDC
999 _c365114
_d365114